| 000 | 00558nam a2200181Ia 4500 | ||
|---|---|---|---|
| 003 | GCL | ||
| 008 | 140319s9999 xx 000 0 ara d | ||
| 040 |
_aGCL / _cGCL |
||
| 082 | 0 | 4 |
_aق _b962 _bع ت |
| 100 | 1 | _aعبدالرحمن الرافعى | |
| 245 | 1 | 0 |
_aتاريخ الحركة القومية وتطور نظام الحكم فى مصر / _cعبدالرحمن الرافعى |
| 300 | _a468 ص | ||
| 490 | _a | ||
| 650 | 0 | 4 | _aمصر |
| 650 | 0 | 4 | _aالحركات القومية |
| 650 | 0 | 4 | _aخريطة للقاهرة (1801-1798م) |
| 942 |
_2ddc _cBK |
||
| 999 |
_c38725 _d38725 |
||